Thermodynamics / (Record no. 7556)
[ view plain ]
| 000 -LEADER | |
|---|---|
| fixed length control field | 00537nam a22001932 4500 |
| 001 - CONTROL NUMBER | |
| control field | 0000008424 |
| 005 - DATE AND TIME OF LATEST TRANSACTION | |
| control field | 20151217152032.0 |
| 008 - FIXED-LENGTH DATA ELEMENTS--GENERAL INFORMATION | |
| fixed length control field | 080411s xx 000 0 eng d |
| 020 ## - INTERNATIONAL STANDARD BOOK NUMBER | |
| International Standard Book Number | 8129706792 : |
| Terms of availability | KES 2600 |
| 040 ## - CATALOGING SOURCE | |
| Original cataloging agency | KABU |
| Transcribing agency | KABU |
| 100 1# - MAIN ENTRY--PERSONAL NAME | |
| Personal name | Gupta, S. C. |
| -- | 0000151285 |
| 245 10 - TITLE STATEMENT | |
| Title | Thermodynamics / |
| Statement of responsibility, etc. | S. C. Gupta. |
| 260 ## - PUBLICATION, DISTRIBUTION, ETC. (IMPRINT) | |
| Place of publication, distribution, etc. | New Delhi : |
| Name of publisher, distributor, etc. | Pearson education, |
| Date of publication, distribution, etc. | 2005. |
| 300 ## - PHYSICAL DESCRIPTION | |
| Extent | xiii,534 p. |
| 650 #0 - SUBJECT ADDED ENTRY--TOPICAL TERM | |
| Topical term or geographic name as entry element | Thermodynamics. |
| -- | 0000153888 |
| 908 ## - PUT COMMAND PARAMETER (RLIN) | |
| Put command parameter | 080411 |
| 950 ## - LOCAL HOLDINGS (RLIN) | |
| -- | 1 |
| Withdrawn status | Lost status | Source of classification or shelving scheme | Not for loan | Home library | Current library | Date acquired | Total Checkouts | Full call number | Barcode | Date last seen | Date last checked out | Price effective from | Koha item type |
|---|---|---|---|---|---|---|---|---|---|---|---|---|---|
| Library of Congress Classification | Kabarak, Main Campus | Kabarak, Main Campus | 17/12/2015 | 5 | QC311 .G87 | 005915 | 03/02/2022 | 29/10/2019 | 17/12/2015 | General Collection |